00926nam a2200289Ia 450000500170000000800410001702000180005802000150007610000420009124500370013325000190017030000250018949000370021450000420025165000380029365000420033165000340037365000370040794200150044426400280045933600270048733700330051433800280054704000350057508400110061099900150062120220317001511.0161108s2014 ck g 000 f s  a9789584233219 a95842332111 aConstaín Croce, Juan Esteband1979-10aCalcio!cJuan Esteban Constaín a1a impresión a207 páginasc19 cm aPlaneta lector : contemporáneo aIncluye datos biográficos del autor142LEMBaNovela colombianaySiglo XX142LEMBaLiteratura colombianaySiglo XX142LEMBaFutbol en la literatura142LEMBaConflicto en la literatura 2loccBKLIT aBogotábPlanetac2014 atextobtxt2rdacontent asin mediaciónbn2rdamedia avolumenbnc2rdacarrier aCO-BoRNBPbspaerdacCO-BoRNBP aN CON5 c7178d7178